The Earth Gazers (Record no. 2051)

MARC details
000 -LEADER
fixed length control field 00315nam a22001337a 4500
008 - FIXED-LENGTH DATA ELEMENTS--GENERAL INFORMATION
fixed length control field 250303b |||||||| |||| 00| 0 eng d
020 ## - INTERNATIONAL STANDARD BOOK NUMBER
ISBN 9781784974336
100 ## - MAIN ENTRY--AUTHOR
Author Potter Christopher
245 ## - TITLE STATEMENT
Title The Earth Gazers
260 ## - PUBLICATION, DISTRIBUTION, ETC. (IMPRINT)
Place of publication UK
Name of publisher Head of Zeus Ltd
Date of publication 2017
300 ## - COLLATION
Pagination 456p
942 ## - ADDED ENTRY ELEMENTS (KOHA)
Item type Books
050 ## - LIBRARY OF CONGRESS CALL NUMBER
Classification number TL873
Item number .P68
Holdings
Source of classification or shelving scheme Not for loan Permanent location Current location Date acquired Accession No. Full call number Barcode. Koha item type
Library of Congress Classification   Samuel Ogbemudia Main Library, University of Abuja Samuel Ogbemudia Main Library, University of Abuja 03/03/2025 2024/63957 TL873.P68 2025-0193 Books